000 00643nam a22001817a 4500
005 20251108175252.0
008 250721s2015 xx 000 0 ara d
082 1 4 _aط/428/عثم
100 1 _aعثمان، احمدفيصل
245 1 0 _aالإنكليزية خطوة بخطوة :
_bكيف تتعلم و تتكلم الانكليزية بسهولة /
264 1 _aعمان _ الاردن :
_bدار امجد للنشر والتوزيع،
_c2015.
300 _a144ص.
650 1 7 _aاللغة الانجليزية
650 1 7 _aالتعليم
653 _aناشئون صغار (10-14) سنة
942 _2ddc
_cBK
999 _c130152
_d130152